000
00356nam a22001577a 4500
003
MPLRDC
005
20220104123340.0
008
210129b ||||| |||| 00| 0 eng d
082
_a
909.412 FLKN
100
_a
佛莱克纳著
245
_a
美国的绘画
_c
260
_a
_b
世界书局
_c
300
_b
平
650
_a
942
_c
BK
_o
909.412 FLKN
999
_c
10687
_d
10677